[Event "RJ x BH"]
[Site "http://www.queenalice.com/game.php?id=281176"]
[Date "2007.10.4"]
[Round "-"]
[White "claudiocaire"]
[Black "saravillas"]
[Result "1-0"]
[WhiteElo "1529"]
[BlackElo "1505"]

1. e4 Nc6 2. Bc4 e6 3. d4 d5 4. exd5 exd5 5. Bb3 Nf6 6. Nf3 h6 7. Nc3 Bb4 8. a3
Ba5 9. Ba2 Ne4 10. b4 Nxc3 11. Qd3 Ne4 12. bxa5 Nxa5 13. Ne5 c6 14. Qf3 O-O 15.
Ng4 Ng5 16. Qg3 1-0

[Event "Challenge"]
[Site "http://www.queenalice.com/game.php?id=281239"]
[Date "2007.10.4"]
[Round "-"]
[White "TomBishop"]
[Black "saravillas"]
[Result "0-1"]
[WhiteElo "1480"]
[BlackElo "1475"]

1. Nc3 Nc6 2. d4 e6 3. e4 f5 4. e5 Bb4 5. Bd2 Nxd4 6. Nf3 c5 7. Nxd4 cxd4 8. Ne2
Bc5 9. Bf4 Qa5+ 10. Qd2 b6 11. Qxa5 bxa5 12. Rd1 Bb4+ 13. Bd2 Rb8 14. Nxd4 Ne7
15. Be2 Nd5 16. Bxb4 Rxb4 17. b3 Nc3 18. Ra1 g6 19. Nf3 O-O 20. a3 Re4 21. Ng1
Ba6 22. f3 Rxe2+ 23. Nxe2 Nxe2 24. Rd1 d5 25. Rd2 Nf4 26. Kf2 Rd8 27. Rd4 Ne2
28. Ra4 Nc3 29. Rxa5 Bc8 30. Rxa7 g5 31. a4 g4 32. a5 d4 33. Ra8 Rf8 34. a6 Nb5
35. a7 Bb7 36. Rxf8+ Kxf8 37. Ra1 Nc7 38. b4 h5 39. b5 Na8 40. fxg4 fxg4 41. h4
Ke8 42. Ke2 Bxg2 43. Kd3 Kd8 44. Kxd4 Kc8 45. Kc5 Kb7 46. b6 Be4 47. c3 g3 48.
Rd1 Kc8 49. Kd6 Bd5 50. Rb1 g2 51. Rc1 Kb7 52. Kc5 Nxb6 53. Ra1 Bc6 54. Kd6 Ba4
55. Kxe6 Kxa7 56. Kf6 Kb7 57. Rg1 Bc6 58. Kf5 Nc4 59. Kf4 Kc7 60. Kg3 Ne3 61.
Kf2 Ng4+ 62. Kg3 Nxe5 63. Rxg2 Bxg2 64. Kxg2 Kd6 65. Kg3 Ke6 66. Kf4 Kf6 67. Ke4
Ng6 68. Kd5 Nxh4 69. c4 Ng6 70. c5 Ne7+ 71. Kd6 Kf7 72. c6 Ke8 0-1

[Event "mais uma?"]
[Site "http://www.queenalice.com/game.php?id=293052"]
[Date "2007.10.25"]
[Round "-"]
[White "saravillas"]
[Black "Marcelo_Araujo"]
[Result "0-1"]
[WhiteElo "1463"]
[BlackElo "1732"]

1. e4 d6 2. Nc3 Nf6 3. Bc4 g6 4. Nf3 Bg7 5. Ng5 O-O 6. O-O Bg4 7. f3 Bd7 8. d3
e6 9. a4 c6 10. b4 d5 11. Ba2 dxe4 12. Ncxe4 Nxe4 13. fxe4 Bxa1 14. Bf4 Bd4+ 15.
Kh1 Bc3 16. b5 cxb5 17. Bd2 Bxd2 18. Qxd2 bxa4 19. e5 Nc6 20. Qf4 b5 21. Qh4 h5
22. Qf4 Nb4 23. Nxf7 Qa5 24. Qf6 Kh7 25. Qe7 Rxf7 26. Qxf7+ Kh8 27. Bxe6 Bxe6
28. Qxe6 Qb6 29. Qf6+ Qxf6 30. exf6 Nxc2 31. Rc1 Ne3 32. Rc6 Rf8 33. h3 Nd5 34.
g4 Rxf6 35. Rc1 hxg4 36. hxg4 Ra6 37. Rf1 a3 38. Ra1 b4 0-1

[Event "Challenge"]
[Site "http://www.queenalice.com/game.php?id=314922"]
[Date "2007.12.4"]
[Round "-"]
[White "manoelconstante"]
[Black "saravillas"]
[Result "0-1"]
[WhiteElo "1260"]
[BlackElo "1458"]

1. c4 Nf6 2. b4 Nc6 3. a3 h5 4. h4 d5 5. d3 g6 6. Qb3 Bd7 7. g3 Be6 8. Nd2 Nd4
9. Qa4+ c6 10. e3 b5 11. Qa6 Nc2+ 12. Kd1 Nxa1 13. Qxc6+ Bd7 14. Qa6 Ng4 15. Nh3
Bg7 16. d4 bxc4 17. Bg2 e6 18. e4 Bxd4 19. f3 Ne3+ 20. Ke2 Nxg2 21. Nf4 Ne3 22.
g4 hxg4 23. fxg4 Nxg4 24. Rg1 Qxh4 25. Rg2 Ne5 26. Qd6 Qxf4 27. b5 Rh1 28. Bb2
Qe3# 0-1

[Event "Challenge"]
[Site "http://www.queenalice.com/game.php?id=315247"]
[Date "2007.12.5"]
[Round "-"]
[White "inmocor1"]
[Black "saravillas"]
[Result "1-0"]
[WhiteElo "1575"]
[BlackElo "1475"]

1. e4 Nf6 2. Nc3 Nc6 3. d3 h5 4. Nf3 e5 5. Bg5 Be7 6. d4 d6 7. Bb5 Bd7 8. a3 a6
9. Bc4 Ng4 10. Bxe7 Qxe7 11. Nd5 Qd8 12. O-O Na5 13. b3 c6 14. Nc3 c5 15. dxc5
dxc5 16. Qd5 Qe7 17. h3 Nf6 18. Qd2 Bc6 19. Nd5 Bxd5 20. exd5 b6 21. d6 Qb7 22.
Nxe5 O-O 23. Be2 Ne4 24. Qf4 g6 25. Bf3 f6 26. Bxe4 fxe5 27. Bxb7 exf4 28. Bxa8
Rxa8 29. Rad1 Nb7 30. Rfe1 Kf8 31. h4 Re8 32. d7 Re7 33. Rxe7 Kxe7 34. f3 a5 35.
c4 Nd8 36. Kh2 Ne6 37. g3 Nd4 38. Kg2 Kxd7 39. gxf4 Kc6 40. Rb1 b5 41. Kf2 Nf5
42. Re1 bxc4 43. bxc4 Kd6 44. Re8 Nxh4 45. Ra8 Nf5 46. Rxa5 Nd4 47. a4 Ne6 48.
Ra8 Nc7 49. Rg8 Ke6 50. Rxg6+ Kf5 51. Rc6 Ne6 52. a5 Kxf4 53. Rxe6 1-0

[Event "Challenge"]
[Site "http://www.queenalice.com/game.php?id=318078"]
[Date "2007.12.10"]
[Round "-"]
[White "Narciso"]
[Black "saravillas"]
[Result "0-1"]
[WhiteElo "1291"]
[BlackElo "1466"]

1. e4 Nc6 2. a3 Nf6 3. d3 h5 4. Nc3 e6 5. Qf3 Nd4 6. Qd1 d5 7. Be3 Nc6 8. Nf3 a5
9. Ng5 Ne5 10. d4 Nc6 11. Bb5 Bd7 12. e5 Ng4 13. h4 f6 14. exf6 Qxf6 15. f3 Nxe3
16. Qe2 Qxd4 17. Rd1 Qe5 18. a4 Nb4 19. Kf2 d4 20. Nce4 Nbxc2 21. Rc1 Nb4 22. b3
c6 23. Rc5 Bxc5 24. Rc1 Bb6 25. g3 cxb5 26. Kg1 Nf5 27. f4 Nxg3 28. Qf3 d3+ 29.
Rc5 Qd4+ 30. Qf2 Qa1+ 31. Kg2 Nf5 32. Kh3 Qh1+ 33. Qh2 Qf1+ 34. Qg2 Qxf4 35. Qf3
Qxh4+ 36. Kg2 Bxc5 37. Nxc5 Qxg5+ 38. Kf1 Ne3+ 39. Kf2 Rf8 40. Ne4 Rxf3+ 41.
Kxf3 Bc6 0-1

[Event "Challenge"]
[Site "http://www.queenalice.com/game.php?id=348468"]
[Date "2008.2.4"]
[Round "-"]
[White "saravillas"]
[Black "Aldo2020"]
[Result "1-0"]
[WhiteElo "1499"]
[BlackElo "1434"]

1. Nf3 d5 2. c3 Qd6 3. b4 b5 4. e3 Bg4 5. Bxb5+ c6 6. Be2 e5 7. d4 e4 8. Ne5 Bf5
9. g4 Bg6 10. b5 cxb5 11. Bxb5+ Kd8 12. Ba3 Qb6 13. Bxf8 Qxb5 14. Bxg7 Qb2 15.
Nd2 f6 16. Nxg6 hxg6 17. Bxh8 Qxc3 18. O-O Na6 19. Nb3 Nb4 20. Nc5 a5 21. Qa4
Ra7 22. Qb5 Kc7 23. Qd7+ Kb6 24. Qd8+ Kc6 25. Qxg8 Qb2 26. Rfc1 Nxa2 27. Nd3+
Qxc1+ 28. Nxc1 Nc3 29. Bxf6 Nb5 30. Rb1 Nd6 31. Qxg6 Rf7 32. Be5 Rd7 33. Nb3 Kc7
34. Nc5 Rd8 35. Qg7+ Kc8 36. Ne6 Ne8 37. Qa7 Rd7 38. Rb8# 1-0

[Event "Challenge"]
[Site "http://www.queenalice.com/game.php?id=348469"]
[Date "2008.2.4"]
[Round "-"]
[White "saravillas"]
[Black "danielsaraujo"]
[Result "0-1"]
[WhiteElo "1491"]
[BlackElo "1596"]

1. Nf3 d5 2. Nc3 d4 3. Nb5 c5 4. c3 a6 5. Na3 Nf6 6. d3 Qd5 7. Qa4+ Bd7 8. Qc2
dxc3 9. bxc3 Bb5 10. c4 Bxc4 11. dxc4 Qe6 12. e3 g6 13. Qa4+ Nc6 14. Nb5 O-O-O
15. Na3 Bg7 16. Rb1 Qd6 17. Bb2 Rd7 18. Ng5 Qd2# 0-1

[Event "Challenge"]
[Site "http://www.queenalice.com/game.php?id=351208"]
[Date "2008.2.9"]
[Round "-"]
[White "saravillas"]
[Black "danielsaraujo"]
[Result "0-1"]
[WhiteElo "1479"]
[BlackElo "1622"]

1. d4 e6 2. e3 Nf6 3. c3 d5 4. g4 Qd6 5. h3 e5 6. Nf3 exd4 7. Nxd4 Ne4 8. Na3 a6
9. Qa4+ c6 10. b4 Be7 11. Nf5 Bxf5 12. gxf5 Bh4 13. b5 Bxf2+ 14. Kd1 Nxc3+ 0-1

[Event "Challenge"]
[Site "http://www.queenalice.com/game.php?id=352653"]
[Date "2008.2.11"]
[Round "-"]
[White "Narciso"]
[Black "saravillas"]
[Result "0-1"]
[WhiteElo "1430"]
[BlackElo "1469"]

1. e4 Nc6 2. c3 e5 3. f3 g5 4. h3 a6 5. a3 d6 6. Bc4 Be6 7. Bxe6 fxe6 8. Qb3 b5
9. Qxe6+ Nge7 10. d3 Rg8 11. Nd2 Rg6 12. Qg4 h6 13. Nb3 a5 14. Be3 a4 15. Nd2 d5
16. O-O-O d4 17. Bf2 Qd6 18. Ne2 dxc3 19. bxc3 Qxa3+ 20. Kb1 Rb8 21. d4 b4 22.
Kc2 bxc3 23. Ra1 Qb2+ 24. Kd3 Qxd2+ 25. Kc4 Qxe2+ 26. Kc5 Qb5# 0-1

[Event "Challenge"]
[Site "http://www.queenalice.com/game.php?id=368064"]
[Date "2008.3.9"]
[Round "-"]
[White "saravillas"]
[Black "bishopali"]
[Result "1-0"]
[WhiteElo "1483"]
[BlackElo "1494"]

1. Nf3 g6 2. c3 e6 3. d4 Bg7 4. Qa4 c6 5. c4 b5 6. cxb5 cxb5 7. Qxb5 Ba6 8. Qb3
Nc6 9. e3 Bxf1 10. Kxf1 Bf8 11. Bd2 Rb8 12. Qc2 Bb4 13. a3 Bxd2 14. Nbxd2 Na5
15. b4 Rc8 16. Qb2 Nc6 17. d5 exd5 18. Qxh8 Ne7 19. Qxh7 Rc7 20. Ne5 Qc8 21.
Qxf7+ Kd8 22. Qf8# 1-0

[Event "Challenge"]
[Site "http://www.queenalice.com/game.php?id=368065"]
[Date "2008.3.9"]
[Round "-"]
[White "flaviovieira"]
[Black "saravillas"]
[Result "1-0"]
[WhiteElo "1664"]
[BlackElo "1529"]

1. e4 c6 2. Nc3 Nf6 3. d4 d5 4. e5 Ne4 5. Nxe4 dxe4 6. c3 f5 7. Ne2 g6 8. Ng3 e6
9. Bf4 Qh4 10. Qd2 b5 11. Bg5 Qg4 12. Be2 1-0

[Event "Challenge"]
[Site "http://www.queenalice.com/game.php?id=368515"]
[Date "2008.3.10"]
[Round "-"]
[White "saravillas"]
[Black "camilleetgeorges"]
[Result "0-1"]
[WhiteElo "1514"]
[BlackElo "1447"]

1. Nf3 Nf6 2. Nc3 e6 3. e4 d5 4. d3 d4 5. Nb5 c5 6. a3 a6 7. e5 axb5 8. exf6
Qxf6 9. Bd2 Qd8 10. c3 Nc6 11. Qb3 b4 12. g4 Be7 13. O-O-O bxc3 14. bxc3 dxc3
15. Bxc3 O-O 16. d4 cxd4 17. Bb2 Bg5+ 18. Nd2 e5 19. h3 Na5 20. Qb5 Re8 21. Re1
Bd7 22. Qd3 Rc8+ 23. Kd1 Ba4+ 24. Ke2 Bxd2 25. Qxd2 Rc2 0-1

[Event "Challenge"]
[Site "http://www.queenalice.com/game.php?id=368519"]
[Date "2008.3.10"]
[Round "-"]
[White "Aldo2020"]
[Black "saravillas"]
[Result "0-1"]
[WhiteElo "1441"]
[BlackElo "1514"]

1. e4 Nc6 2. Qf3 Nd4 3. Qc3 e5 4. Bc4 Nf6 5. Nf3 Nxe4 6. Qd3 d5 7. Nxd4 dxc4 8.
Qxe4 Qxd4 9. Qxd4 exd4 10. O-O Be6 11. Re1 O-O-O 12. Na3 g6 13. Nb5 Bc5 14. d3
c6 15. Bg5 cxb5 16. Bf6 Rhe8 17. Bxd8 Rxd8 18. Re5 b6 19. a4 Bd7 20. Re7 Bxe7
21. axb5 cxd3 22. cxd3 a5 23. b3 Bxb5 24. Rc1+ Kb7 25. f3 Bxd3 26. g3 f5 27. Re1
Bb4 28. Re7+ Bxe7 0-1

[Event "Salud!"]
[Site "http://www.queenalice.com/game.php?id=373063"]
[Date "2008.3.18"]
[Round "-"]
[White "saravillas"]
[Black "Tlaloc2k"]
[Result "0-1"]
[WhiteElo "1511"]
[BlackElo "1624"]

1. Nf3 d6 2. Nc3 Nf6 3. e4 e5 4. d3 c5 5. h3 Be6 6. b3 a6 7. g4 Qa5 8. Bd2 Qc7
9. a4 Be7 10. Ng5 O-O 11. Bg2 Nc6 12. O-O Nd4 13. Ne2 h6 14. Nxe6 Nxe6 15. f3 b6
16. Nc3 Nf4 17. Ne2 Nxg2 18. Kxg2 d5 19. g5 hxg5 20. Bxg5 dxe4 21. fxe4 Nh5 22.
Rf5 g6 23. Bxe7 Qxe7 24. Rf3 Qg5+ 25. Kf2 f6 26. Qg1 Qh6 27. Qg2 Kf7 28. Rg1 Rg8
29. Qg4 b5 30. Qd7+ Kf8 31. axb5 axb5 32. Qxb5 Qd2 33. Qxc5+ Kg7 34. d4 Nf4 35.
Re3 Rac8 36. Qe7+ Kh6 37. Qxf6 Rxc2 38. Qg5+ Kh7 39. Re1 Qxd4 40. Qh4+ Nh5 41.
Kf3 Rf8+ 42. Kg2 Qxe3 43. Qe7+ Kg8 44. Qe6+ Kh7 45. Qe7+ Ng7 46. Qxf8 Rxe2+ 47.
Rxe2 Qxe2+ 48. Qf2 Qxe4+ 49. Kf1 Qb1+ 50. Kg2 Qxb3 51. Qh4+ Nh5 52. Qe7+ Kh6 53.
Qxe5 Qc2+ 54. Kf3 Qf5+ 55. Qxf5 gxf5 56. Kg2 Kg5 57. Kh2 f4 58. Kg2 Ng3 0-1

[Event "Challenge"]
[Site "http://www.queenalice.com/game.php?id=373065"]
[Date "2008.3.18"]
[Round "-"]
[White "cowgirl"]
[Black "saravillas"]
[Result "1-0"]
[WhiteElo "1875"]
[BlackElo "1518"]

1. d4 Nc6 2. Nf3 Nf6 3. Nc3 e6 4. e4 h6 5. Bb5 a6 6. Be2 d5 7. exd5 exd5 8. O-O
Bd6 9. Re1 O-O 10. h3 b5 11. Be3 g5 12. g4 Ne7 13. a3 c6 14. Ne5 Ne4 15. Nxe4
dxe4 16. f4 f6 17. Qd2 fxe5 18. fxe5 Bc7 19. h4 Nd5 20. hxg5 Nxe3 21. Qxe3 hxg5
22. Qxe4 Bb7 23. Qg6+ Kh8 24. Rad1 Qe7 25. Bd3 Qg7 26. Qh5+ Kg8 27. Re3 Rf4 28.
Rh3 Bc8 29. Qe8+ Rf8 30. Qh5 Rf4 31. Be2 Re4 32. Qe8+ Qf8 33. Rh8+ Kxh8 34.
Qxf8+ Kh7 35. Bd3 1-0

[Event "Challenge"]
[Site "http://www.queenalice.com/game.php?id=376492"]
[Date "2008.3.25"]
[Round "-"]
[White "saravillas"]
[Black "danielsaraujo"]
[Result "0-1"]
[WhiteElo "1516"]
[BlackElo "1796"]

1. Nf3 c5 2. d3 Nc6 3. e4 Qa5+ 4. c3 b5 5. Bd2 b4 6. d4 cxd4 7. Nxd4 Rb8 8. a3
Nxd4 9. cxd4 e6 10. e5 Nh6 11. g4 Bb7 12. Rg1 Be4 13. h3 Bxb1 14. Qxb1 Qa4 15.
axb4 Qb3 16. Qc1 Bxb4 17. Rxa7 O-O 18. Rxd7 Rfc8 19. Rc7 Bxd2+ 20. Kxd2 Qb4+ 21.
Kd1 Qxd4+ 22. Ke1 Qxe5+ 23. Be2 Qxc7 24. Qxc7 Rxc7 25. Kf1 Rxb2 26. f3 Rc1+ 27.
Kf2 Rxg1 28. Kxg1 Rxe2 0-1